Optimization over time : dynamic programming and stochastic control

Αποθηκεύτηκε σε:
Λεπτομέρειες βιβλιογραφικής εγγραφής
Κύριος συγγραφέας: Whittle, Peter
Μορφή: Βιβλίο
Γλώσσα:English
Δημοσίευση: Chichester : New York : Wiley, c1982-
Σειρά:Wiley series in probability and mathematical statistics. Applied probability and statistics
Θέματα:
Ετικέτες: Προσθήκη ετικέτας
Δεν υπάρχουν, Καταχωρήστε ετικέτα πρώτοι!

MARC

LEADER 00000cam a2200000 i 4500
001 1/34683
008 941103s1986 eng d
020 |a 0-471-10496-5 
020 |a 0471101206 
035 |l 10039723 
040 |a GR-MY-UA  |b gre  |e aacr 
041 0 |a eng 
082 0 |a 519.703  |2 (19) 
100 1 |a Whittle, Peter. 
245 1 0 |a Optimization over time :  |b dynamic programming and stochastic control /  |c Peter Whittle 
260 |a Chichester :   |a New York :   |b Wiley,   |c c1982- 
300 |a 2 v.;  |b ill.;  |c 24 cm 
490 1 |a Wiley series in probability and mathematical statistics. Applied probability and statistics 
500 |a Includes bibliographical referencesand index 
650 0 0 |a Mathematical optimization. 
650 0 0 |a Dynamic programming. 
650 0 0 |a Stochastic control theory. 
830 0 |a Wiley series in probability and mathematical statistics. Applied probability and statistics 
852 |a INST  |b SAMOS  |e 19941103  |h 519.703 WHI  |p 005300001144  |q 005300001144  |t BK  |y 0  |z v.2 
852 |a INST  |b SAMOS  |e 19941103  |h 519.703 WHI  |p 005300001145  |q 005300001145  |t BK  |y 0  |z v.1 
852 |a INST  |b SAMOS  |e 19941103  |h 519.703 WHI  |p 005300001144  |q 005300001144  |t BK  |v v.2:  |y 0  |z v.2 
852 |a INST  |b SAMOS  |e 19941103  |h 519.703 WHI  |p 005300001145  |q 005300001145  |t BK  |v v.1:  |y 0  |z v.1 
853 |a INST  |b SAMOS  |h 519.703 WHI 
909 |a Σ  |b 008293 
909 |a Σ  |b 008292